| 000 | nkm a22 a 4500 | ||
|---|---|---|---|
| 999 |
_c389415 _d389415 |
||
| 003 | BLK | ||
| 005 | 20200929162143.0 | ||
| 008 | 200720b bu ||||| |||| 00| 0 bu d | ||
| 040 | _aBLK | ||
| 041 |
_aRUS _aENG _cRUS |
||
| 080 |
_aЖивопис _b75 _z75(47+57)(084.12)(092) _x(47+57)(084.12)(092) |
||
| 080 |
_b929 Машков, Илья Иванович _aРуски художник |
||
| 139 | _aИлья Машков | ||
| 245 |
_aИлья Машков _bАльбом: Комплект - 16 открыток _cХудож. Б. Осенчаков |
||
| 245 | _aIllya Mashkov | ||
| 257 | _aSUN | ||
| 260 |
_9210594 _aЛенинград _bАврора _c1981 _n5-7300- |
||
| 300 |
_a1 папка (16 отд. к.) _c21Х15 см _bцв. ил. |
||
| 380 | _a7 | ||
| 490 |
_9434184 _aAurora Art Publishers. Leningrad |
||
| 500 | _aИмето на худож. отбелязано в изд. каре. - Парал. текст на англ. ез. - 25 000 тир. - 16 к. от ламиниран картон и тройна корица | ||
| 600 | 0 |
_9434730 _aМашков, Илья Иванович |
|
| 650 | 0 |
_9351270 _aХудожници, руски - албуми |
|
| 653 | 0 |
_9401783 _aснимкови албуми |
|
| 700 |
_9434729 _aОсенчаков, Б. _eхудож. |
||
| 852 |
_aЦб 301820 _bЦб |
||
| 942 |
_cKNG _n0 _s1 |
||
| 944 |
_aCR _c2020-09-29 _kС.Т. |
||
| 999 | _d389374 | ||
| 999 | _d389354 | ||
| 999 | _d389329 | ||
| 999 | _d389303 | ||
| 999 | _d389283 | ||
| 999 | _d389258 | ||
| 999 | _d389240 | ||
| 999 | _d389206 | ||
| 999 | _d389201 | ||
| 999 | _d389196 | ||